Normal view
MARC view
- Riaz-ud-Din, Muhammad
Entry Personal Name
001 - CONTROL NUMBER
- control field: 123749
003 - CONTROL NUMBER IDENTIFIER
- control field: NUST
005 - DATE AND TIME OF LATEST TRANSACTION
- control field: 20240624140327.0
008 - FIXED-LENGTH DATA ELEMENTS
- fixed length control field: 240624|| aca||aabn | a|a d
040 ## - CATALOGING SOURCE
- Original cataloging agency: NUST
- Transcribing agency: NUST
100 ## - HEADING--PERSONAL NAME
- Personal name: Riaz-ud-Din, Muhammad
670 ## - SOURCE DATA FOUND
- Source citation: Work cat.: (NUST): Riaz-ud-Din, Muhammad, Sparse Representation of Signals and Dictionary Learning, Applied to Hyperspectral and Multispectral Images/
